000 00600cam a2200229 4500
001 B660
008 090401t1986 xxu||||| |||| 00| 0 eng d
035 _a(Sirsi) u37232
041 _aeng
050 _a338.4769
100 _aBurch, T.
245 _aHealth factors and absenteeism of construction workers
260 _aAscot,Berks
_bChartered Institute of Building
_c1986
300 _a(6)p. ; 30cm.
350 _a0
490 _aTechnical Information Service
_v72
650 _aBUILDING INDUSTRY
650 _aBUILDING WORKERS
650 _aSICKNESS
942 _n0
948 _c04/03/1997
999 _c90456
_d90456